000 00333 a2200157 4500
001 157295
020 _a9788508161454
040 _cEscola São Tomás de Aquino
100 _aPAES, José Paulo
240 1 0 _aPoesias
_lpor
245 1 0 _aPoesias
300 _a61
362 0 _a2012
697 _a*LITERATURA JUVENIL
942 _cBK
999 _c157295
_d157295